[Event "Barcelona Sant Marti op-B 21st"]
[Site "Barcelona"]
[Date "2019.07.20"]
[Round "8"]
[White "Asna, Abdeen"]
[Black "Garcia Clemente, Julian Francisco"]
[Result "1/2-1/2"]
[WhiteElo "1326"]
[BlackElo "1813"]
[PlyCount "56"]
[EventDate "2019.07.13"]
[EventType "swiss"]
[EventRounds "9"]
[EventCountry "ESP"]
[SourceTitle "EXT 2020"]
[Source "ChessBase"]
[SourceDate "2019.10.17"]
[SourceVersion "1"]
[SourceVersionDate "2019.10.17"]
[SourceQuality "1"]

1. e4 e6 2. d4 d5 3. Nc3 Nf6 4. Bg5 Be7 5. e5 Ne4 6. Bxe7 Nxc3 7. Bxd8 Nxd1 8. Rxd1 Kxd8 9. f4 b6 10. Nf3 Ke7 11. Bd3 c5 12. 0-0 g6 13. a3 a5 14. Be2 Nd7 15. Ra1 Bb7 16. Rfc1 c4 17. b4 cxb3 18. cxb3 Rhc8 19. a4 Rxc1+ 20. Rxc1 Rc8 21. Rxc8 Bxc8 22. Kf2 Nb8 23. Ke3 Ba6 24. g4 Bxe2 25. Kxe2 h6 26. g5 h5 27. Kd3 Nc6 28. h4 Nb4+ 1/2-1/2

[Event "Barcelona Sant Marti op-B 21st"]
[Site "Barcelona"]
[Date "2019.07.19"]
[Round "7"]
[White "Garcia Clemente, Julian Francisco"]
[Black "Mangues Rubia, Alex"]
[Result "1/2-1/2"]
[WhiteElo "1813"]
[BlackElo "1329"]
[PlyCount "173"]
[EventDate "2019.07.13"]
[EventType "swiss"]
[EventRounds "9"]
[EventCountry "ESP"]
[SourceTitle "EXT 2020"]
[Source "ChessBase"]
[SourceDate "2019.10.17"]
[SourceVersion "1"]
[SourceVersionDate "2019.10.17"]
[SourceQuality "1"]

1. d4 d5 2. c4 e6 3. Nc3 Nf6 4. cxd5 exd5 5. Bg5 Be7 6. Qc2 Be6 7. e3 Nbd7 8. Nf3 h6 9. Bh4 0-0 10. Bd3 Rc8 11. Rc1 a6 12. h3 c5 13. Qe2 c4 14. Bb1 b5 15. a3 Qb6 16. 0-0 a5 17. e4 dxe4 18. Nxe4 Nd5 19. Bxe7 Nxe7 20. Rfe1 Nd5 21. Nc3 N7f6 22. Ne4 Nxe4 23. Qxe4 Nf6 24. Qf4 Rfd8 25. Re5 Qd6 26. Qg3 Bd5 27. Nh4 Qf8 28. Nf5 Kh8 29. Qh4 Rc6 30. Rce1 Rb6 31. g4 Be6 32. g5 Bxf5 33. Bxf5 Ng8 34. Bb1 Rbb8 35. Qe4 g6 36. h4 h5 37. d5 Rd6 38. Qd4 Rbd8 39. Qc3 Qg7 40. Qxa5 Rxd5 41. Re8 Rxe8 42. Rxe8 Qxb2 43. Rxg8+ Kxg8 44. Qa8+ Kg7 45. Qxd5 Qxb1+ 46. Kg2 Qb2 47. Qf3 Kf8 48. Qa8+ Kg7 49. Qf3 Kf8 50. Qa8+ Ke7 51. Qa7+ Ke6 52. Qa6+ Kd5 53. Qb7+ Kc5 54. Qc7+ Kd4 55. Qd6+ Ke4 56. Qc6+ Kd3 57. Qd5+ Ke2 58. Qe4+ Kd1 59. Qd5+ Kc1 60. a4 bxa4 61. Qxc4+ Qc2 62. Qf4+ Kb2 63. Qxf7 a3 64. Qb7+ Kc1 65. Qb4 Qc6+ 66. Kg1 a2 67. Qa3+ Kb1 68. Qb3+ Ka1 69. Qd1+ Kb2 70. Qe2+ Kb1 71. Qd3+ Qc2 72. Qb5+ Qb2 73. Qd3+ Qc2 74. Qb5+ Kc1 75. Qe5 Qb1 76. Qc3+ Qc2 77. Qe3+ Qd2 78. Qa3+ Kb1 79. Qb3+ Kc1 80. Qa3+ Qb2 81. Qe3+ Kb1 82. Qe4+ Qc2 83. Qb4+ Qb2 84. Qe4+ Ka1 85. Kg2 Qb1 86. Qd4+ Qb2 87. Qd1+ 1/2-1/2

[Event "Barcelona Sant Marti op-B 21st"]
[Site "Barcelona"]
[Date "2019.07.17"]
[Round "5"]
[White "Garcia Clemente, Julian Francisco"]
[Black "Tortosa Moros, Joan"]
[Result "1-0"]
[WhiteElo "1813"]
[BlackElo "1653"]
[PlyCount "81"]
[EventDate "2019.07.13"]
[EventType "swiss"]
[EventRounds "9"]
[EventCountry "ESP"]
[SourceTitle "EXT 2020"]
[Source "ChessBase"]
[SourceDate "2019.10.17"]
[SourceVersion "1"]
[SourceVersionDate "2019.10.17"]
[SourceQuality "1"]

1. d4 Nf6 2. c4 e6 3. Nc3 Bb4 4. f3 b6 5. e4 c5 6. d5 exd5 7. cxd5 d6 8. Bd3 Qe7 9. Nge2 0-0 10. 0-0 Bxc3 11. Nxc3 Ba6 12. Bxa6 Nxa6 13. a3 Nc7 14. Bg5 h6 15. Bh4 b5 16. Qd2 b4 17. axb4 cxb4 18. Ne2 a5 19. Nd4 Nce8 20. Nc6 Qb7 21. g4 g5 22. Bf2 Qb5 23. h4 Nh7 24. Ne7+ Kh8 25. Nf5 h5 26. hxg5 Rg8 27. Nh6 Nxg5 28. Bd4+ f6 29. Nxg8 Kxg8 30. Bxf6 Nh3+ 31. Kg2 Nxf6 32. Kxh3 hxg4+ 33. fxg4 Nxe4 34. Qf4 Qd3+ 35. Kh4 Kg7 36. Qf7+ Kh8 37. Rf3 Qd2 38. Qh5+ Kg8 39. Qg6+ Kh8 40. Qxe4 Qh2+ 41. Rh3 1-0

[Event "Barcelona Sant Marti op-B 21st"]
[Site "Barcelona"]
[Date "2019.07.16"]
[Round "4"]
[White "Moncunill Calvet, Pol"]
[Black "Garcia Clemente, Julian Francisco"]
[Result "0-1"]
[WhiteElo "1595"]
[BlackElo "1813"]
[PlyCount "78"]
[EventDate "2019.07.13"]
[EventType "swiss"]
[EventRounds "9"]
[EventCountry "ESP"]
[SourceTitle "EXT 2020"]
[Source "ChessBase"]
[SourceDate "2019.10.17"]
[SourceVersion "1"]
[SourceVersionDate "2019.10.17"]
[SourceQuality "1"]

1. e4 e6 2. d4 d5 3. exd5 exd5 4. Nf3 Nf6 5. Bd3 Be7 6. h3 0-0 7. 0-0 Nbd7 8. Bf4 c5 9. c3 Re8 10. Nbd2 a6 11. a4 cxd4 12. Nxd4 Nc5 13. Bc2 Ne6 14. Nxe6 Bxe6 15. Nf3 Bd6 16. Bg5 h6 17. Bh4 g5 18. Bg3 Bxg3 19. fxg3 Ne4 20. h4 Nxg3 21. Rf2 g4 22. Nh2 Qxh4 23. Qd3 Ne4 24. Rf4 Qg5 25. g3 h5 26. Qe3 Qg6 27. Raf1 f5 28. Qb6 Nxg3 29. Re1 Bf7 30. Rxe8+ Rxe8 31. Qxg6+ Bxg6 32. Kg2 Re2+ 33. Kxg3 Rxc2 34. Rb4 h4+ 35. Kxh4 Rxh2+ 36. Kg5 Kg7 37. Rxb7+ Bf7 38. Kxf5 g3 39. Re7 g2 0-1

[Event "Barcelona Sant Marti op-B 20th"]
[Site "Barcelona"]
[Date "2018.07.21"]
[Round "9"]
[White "Garcia Clemente, Julian Francisco"]
[Black "Gorti, Atmika"]
[Result "1-0"]
[WhiteElo "1828"]
[BlackElo "1712"]
[PlyCount "61"]
[EventDate "2018.07.13"]
[EventType "swiss"]
[EventRounds "9"]
[EventCountry "ESP"]
[SourceTitle "EXT 2019"]
[Source "ChessBase"]
[SourceDate "2018.10.10"]
[SourceVersion "1"]
[SourceVersionDate "2018.10.10"]
[SourceQuality "1"]

1. d4 Nf6 2. c4 g6 3. Nc3 d5 4. Bf4 Bg7 5. Rc1 Nc6 6. e3 dxc4 7. Bxc4 0-0 8. h3 e6 9. Nf3 a6 10. a3 b5 11. Be2 Bb7 12. 0-0 Rc8 13. Nd2 Ne7 14. Nb3 Nd7 15. Bf3 Bxf3 16. Qxf3 c5 17. Rfd1 cxd4 18. exd4 Qb6 19. Ne4 Nf5 20. Be3 Rxc1 21. Rxc1 Nxd4 22. Nxd4 Bxd4 23. Bxd4 Qxd4 24. Rd1 Qxb2 25. Rxd7 Qa1+ 26. Rd1 Qb2 27. Qd3 Qe5 28. g3 Rb8 29. f4 Qc7 30. Qd4 a5 31. Nf6+ 1-0

[Event "Foment Martinenc op-A 20th"]
[Site "Barcelona"]
[Date "2018.06.02"]
[Round "7"]
[White "Alcaraz Lopez, Francesco"]
[Black "Garcia Clemente, Julian Francisco"]
[Result "1-0"]
[WhiteElo "1812"]
[BlackElo "1869"]
[PlyCount "71"]
[EventDate "2018.04.21"]
[EventType "swiss"]
[EventRounds "9"]
[EventCountry "ESP"]
[SourceTitle "CBM 184 Extra"]
[Source "ChessBase"]
[SourceDate "2018.06.28"]
[SourceVersion "1"]
[SourceVersionDate "2018.06.28"]
[SourceQuality "1"]

1. c4 Nf6 2. Nf3 e6 3. g3 b6 4. Bg2 Bb7 5. 0-0 c5 6. Nc3 Be7 7. b3 0-0 8. Bb2 d6 9. e3 a6 10. d4 cxd4 11. exd4 Qc7 12. Rc1 Nbd7 13. Re1 Rac8 14. d5 e5 15. Bh3 Qd8 16. Nh4 Rb8 17. Nf5 Bc8 18. f4 Re8 19. g4 Kh8 20. g5 Ng8 21. Ne4 Nf8 22. fxe5 Bxf5 23. Bxf5 Bxg5 24. Nxd6 Re7 25. Rc2 Nh6 26. Rg2 Rc7 27. Bc2 Be7 28. Qh5 Ng6 29. Nxf7+ Nxf7 30. Bxg6 Bc5+ 31. Kh1 Nh6 32. Bc2 Qe8 33. Qh4 Be7 34. Qg3 Bf8 35. e6 Rcb7 36. Qh4 1-0

[Event "Llobregat Garcia Memorial 7th"]
[Site "Llobregat"]
[Date "2016.06.04"]
[Round "9"]
[White "Garcia Clemente, Julian Francisco"]
[Black "Hernandez Hernandez, Patricio"]
[Result "1/2-1/2"]
[WhiteElo "1914"]
[BlackElo "1903"]
[PlyCount "65"]
[EventDate "2016.04.09"]
[EventType "swiss"]
[EventRounds "9"]
[EventCountry "ESP"]
[SourceTitle "EXT 2017"]
[Source "ChessBase"]
[SourceDate "2016.10.25"]
[SourceVersion "1"]
[SourceVersionDate "2016.10.25"]
[SourceQuality "1"]

1. d4 e6 2. c4 d5 3. Nc3 Nf6 4. cxd5 exd5 5. Bg5 Nbd7 6. e3 c6 7. Bd3 h6 8. Bh4 Be7 9. Nge2 0-0 10. 0-0 Ne4 11. Bxe7 Qxe7 12. Qc2 Ndf6 13. Rae1 Re8 14. f3 Nd6 15. Nd1 g6 16. Ng3 h5 17. h4 Qc7 18. e4 dxe4 19. Nxe4 Ndxe4 20. fxe4 Qg3 21. Qf2 Qxd3 22. Qxf6 Be6 23. Nc3 Qc4 24. Rc1 Qd3 25. Rf3 Qc4 26. b3 Qb4 27. Kh1 Qe7 28. Qf4 Rad8 29. e5 Bd5 30. Rf2 Rf8 31. Rcf1 Qb4 32. Ne2 Qe7 33. Rb1 1/2-1/2

[Event "Llobregat Garcia Memorial 7th"]
[Site "Llobregat"]
[Date "2016.05.21"]
[Round "7"]
[White "Garcia Clemente, Julian Francisco"]
[Black "Fernandez Benito, Francisco Javier"]
[Result "1/2-1/2"]
[WhiteElo "1914"]
[BlackElo "1665"]
[PlyCount "140"]
[EventDate "2016.04.09"]
[EventType "swiss"]
[EventRounds "9"]
[EventCountry "ESP"]
[SourceTitle "EXT 2017"]
[Source "ChessBase"]
[SourceDate "2016.10.25"]
[SourceVersion "1"]
[SourceVersionDate "2016.10.25"]
[SourceQuality "1"]

1. d4 d5 2. c4 e6 3. Nc3 Nf6 4. cxd5 exd5 5. Bg5 Be7 6. Qc2 Be6 7. e3 a6 8. Bd3 Nbd7 9. Nf3 c5 10. 0-0 h6 11. Bh4 0-0 12. Rac1 c4 13. Be2 b5 14. a3 Rc8 15. Nd2 Re8 16. f3 Qb6 17. Bf2 Nh7 18. e4 Qb7 19. Kh1 Bg5 20. Rcd1 Ndf8 21. Bg1 Ng6 22. g3 Bh3 23. Rfe1 Bxd2 24. Rxd2 dxe4 25. fxe4 f5 26. d5 fxe4 27. Nxe4 Qe7 28. Bf3 Bf5 29. d6 Qf7 30. Qd1 Ne5 31. Bg2 Bg4 32. Qb1 Rcd8 33. Nc5 Bf3 34. Rf1 Bxg2+ 35. Kxg2 Qh5 36. Qf5 Qxf5 37. Rxf5 Nf7 38. d7 Re7 39. Nxa6 Rexd7 40. Rxd7 Rxd7 41. Rxb5 Rd2+ 42. Kf1 Nfg5 43. Rb8+ Nf8 44. Bc5 Nge6 45. Bb4 Rxb2 46. Rc8 Rxh2 47. Rxc4 Kh7 48. Nc7 Rh3 49. Kg2 Rh5 50. Rc6 Nxc7 51. Rxc7 Ne6 52. Re7 Re5 53. Rb7 Rg5 54. Kh2 Rh5+ 55. Kg1 Rg5 56. Kf2 Rf5+ 57. Ke3 Re5+ 58. Kd2 Ng5 59. Kd3 Ne6 60. Kd2 Ng5 61. Kc2 Re2+ 62. Kd3 Rg2 63. Bd6 Rg1 64. Ke3 Re1+ 65. Kf2 Re6 66. Bb4 Rf6+ 67. Ke2 Re6+ 68. Kf2 Rf6+ 69. Ke3 Re6+ 70. Kd3 Rc6 1/2-1/2

[Event "Barcelona Sant Marti op-B 17th"]
[Site "Barcelona"]
[Date "2015.07.13"]
[Round "1"]
[White "Garcia Clemente, Julian Francisco"]
[Black "Pascual Gonzalez, Novelles David"]
[Result "1-0"]
[WhiteElo "2031"]
[BlackElo "1869"]
[PlyCount "59"]
[EventDate "2015.07.13"]
[EventType "swiss"]
[EventRounds "9"]
[EventCountry "ESP"]
[SourceTitle "EXT 2016"]
[Source "ChessBase"]
[SourceDate "2015.10.08"]
[SourceVersion "1"]
[SourceVersionDate "2015.10.08"]
[SourceQuality "1"]

1. d4 d5 2. c4 c6 3. Nc3 Nf6 4. Bg5 Nbd7 5. cxd5 Nxd5 6. Nxd5 Qa5+ 7. Nc3 Qxg5 8. Nf3 Qa5 9. e3 e5 10. Bd3 Bb4 11. Qc2 exd4 12. Nxd4 Nf6 13. 0-0 Bxc3 14. bxc3 0-0 15. c4 Qc7 16. f3 Qe5 17. Rae1 c5 18. f4 Qd6 19. Nf3 h6 20. Rd1 Qe7 21. e4 Ng4 22. Rde1 Qc7 23. e5 h5 24. Ng5 f6 25. exf6 Nxf6 26. Be4 Re8 27. Bd5+ Kf8 28. Nh7+ Nxh7 29. Qxh7 Rxe1 30. Rxe1 1-0

[Event "Catalunya-ch"]
[Site "Barcelona"]
[Date "2007.04.08"]
[Round "8"]
[White "Garcia Clemente, Julian Francisco"]
[Black "Collado Pallas, David"]
[Result "0-1"]
[WhiteElo "2021"]
[BlackElo "2157"]
[PlyCount "70"]
[EventDate "2007.04.01"]
[EventType "swiss"]
[EventRounds "9"]
[EventCountry "ESP"]
[SourceTitle "CBM 117 Extra"]
[Source "ChessBase"]
[SourceDate "2007.05.09"]
[SourceVersion "1"]
[SourceVersionDate "2007.05.09"]
[SourceQuality "1"]

1. e4 c6 2. d4 d5 3. exd5 cxd5 4. c4 Nf6 5. Nc3 e6 6. Nf3 Be7 7. cxd5 Nxd5 8. Bd3 0-0 9. 0-0 b6 10. Nxd5 Qxd5 11. Qe2 Bb7 12. Re1 Nd7 13. Bc4 Qh5 14. Ne5 Qxe2 15. Rxe2 Rfd8 16. Nxd7 Rxd7 17. Rxe6 Bf6 18. Be3 fxe6 19. Bxe6+ Rf7 20. Bxf7+ Kxf7 21. Rc1 Rc8 22. Rxc8 Bxc8 23. Kf1 Ke6 24. Ke2 Kd5 25. Kd3 a5 26. f3 Ba6+ 27. Kc3 Be7 28. a3 Bf1 29. g3 Be2 30. f4 Ke4 31. Kd2 Bf1 32. Bg1 b5 33. d5 Kxd5 34. Bb6 a4 35. Kc3 Bf6+ 0-1

[Event "Barceloneta op"]
[Site "Barcelona"]
[Date "2001.10.06"]
[Round "2"]
[White "Orriols Codina, Joan"]
[Black "Garcia Clemente, Julian Francisco"]
[Result "0-1"]
[WhiteElo "1975"]
[BlackElo "2120"]
[PlyCount "52"]
[EventDate "2001.09.29"]
[EventType "swiss"]
[EventRounds "9"]
[EventCountry "ESP"]
[SourceTitle "CBM 085 Extra"]
[Source "ChessBase"]
[SourceDate "2002.01.21"]
[SourceVersion "1"]
[SourceVersionDate "2002.01.21"]
[SourceQuality "1"]

1. e4 c5 2. Nf3 Nc6 3. d4 cxd4 4. Nxd4 g6 5. Nc3 Bg7 6. Be3 Nf6 7. Bc4 0-0 8. h3 Nxe4 9. Nxe4 d5 10. Nxc6 bxc6 11. Nd2 dxc4 12. c3 Qd5 13. 0-0 Bb7 14. Qa4 c5 15. f3 Bc6 16. Qa3 Rfd8 17. Rfe1 Qh5 18. Qa6 Bd7 19. Qxc4 Be6 20. Qe2 Rab8 21. Ne4 Rd5 22. c4 Rdd8 23. Rab1 Bd4 24. b3 Rb7 25. Qf2 Rbd7 26. Nxc5 Qxc5 0-1

[Event "Vila de Poblenou op"]
[Site "Barcelona"]
[Date "2001.08.20"]
[Round "5.16"]
[White "Lopez Fuentes, Francisco Xavier"]
[Black "Garcia Clemente, Julian Francisco"]
[Result "1-0"]
[WhiteElo "2065"]
[BlackElo "2120"]
[PlyCount "73"]
[EventDate "2001.08.16"]
[EventType "swiss"]
[EventRounds "9"]
[EventCountry "ESP"]
[SourceTitle "EXT 2002"]
[Source "ChessBase"]
[SourceDate "2001.11.25"]
[SourceVersion "1"]
[SourceVersionDate "2001.11.25"]
[SourceQuality "1"]

1. e4 e6 2. d4 d5 3. Nd2 Nf6 4. e5 Nfd7 5. f4 c5 6. c3 Nc6 7. Ndf3 Qb6 8. h4 cxd4 9. cxd4 Bb4+ 10. Kf2 0-0 11. g3 f6 12. Be3 fxe5 13. fxe5 Ndxe5 14. dxe5 d4 15. Bf4 Bc5 16. b3 Bd7 17. Bd3 h6 18. a3 a5 19. Ne2 Ne7 20. Kg2 Nd5 21. Kh2 Ne3 22. Bxe3 dxe3 23. Nf4 Bc6 24. Rf1 Rad8 25. Qb1 Rxd3 26. Qxd3 Bb5 27. Qg6 Rxf4 28. gxf4 Bxf1 29. Rxf1 e2 30. Re1 Qxb3 31. Qe4 Qxa3 32. Rxe2 Qc1 33. Rg2 Be3 34. Qg6 Bxf4+ 35. Kh3 Qc7 36. Qxe6+ Kh7 37. Qf5+ 1-0

[Event "Barcelona Sants op 03rd"]
[Site "Barcelona"]
[Date "2001.??.??"]
[Round "?"]
[White "Gurrutxaga Telleria, Jose Luis"]
[Black "Garcia Clemente, Julian Francisco"]
[Result "1/2-1/2"]
[WhiteElo "2052"]
[BlackElo "2120"]
[PlyCount "42"]
[EventDate "2001.08.??"]
[EventType "swiss"]
[EventRounds "9"]
[EventCountry "ESP"]
[SourceTitle "EXT 2005"]
[Source "ChessBase"]
[SourceDate "2004.11.15"]
[SourceVersion "1"]
[SourceVersionDate "2004.11.15"]
[SourceQuality "1"]

1. d4 Nf6 2. Nf3 d6 3. g3 Nbd7 4. Bg2 e5 5. dxe5 dxe5 6. 0-0 Be7 7. Nbd2 c6 8. a4 0-0 9. Nc4 Qc7 10. Bd2 Re8 11. a5 Bf8 12. Nh4 Nc5 13. b4 Nce4 14. Be1 Be6 15. Ne3 Rad8 16. Qc1 Nd6 17. c4 h6 18. a6 e4 19. Bc3 Be7 20. Be5 Qc8 21. axb7 Qxb7 1/2-1/2